Comprehension strategies 3. (Record no. 115086)
[ view plain ]
| 000 -LEADER | |
|---|---|
| fixed length control field | 00639nam a2200241 a 4500 |
| 005 - DATE AND TIME OF LATEST TRANSACTION | |
| control field | 20140414132121.0 |
| 008 - FIXED-LENGTH DATA ELEMENTS--GENERAL INFORMATION | |
| fixed length control field | 120906s19uu xx 00 eng d |
| 020 ## - INTERNATIONAL STANDARD BOOK NUMBER | |
| International Standard Book Number | 9789814151580 |
| 050 ## - LIBRARY OF CONGRESS CALL NUMBER | |
| Classification number | TR 372.4 |
| Item number | C736 2008 |
| 245 ## - TITLE STATEMENT | |
| Title | Comprehension strategies 3. |
| 260 ## - PUBLICATION, DISTRIBUTION, ETC. (IMPRINT) | |
| Place of publication, distribution, etc | Perth, Western Australia : |
| Name of publisher, distributor, etc | Learners Pub, |
| Date of publication, distribution, etc | 2008. |
| 300 ## - PHYSICAL DESCRIPTION | |
| Extent | 144 |
| 650 ## - SUBJECT ADDED ENTRY--TOPICAL TERM | |
| Topical term or geographic name as entry element | Reading-comprehension-activities. |
| 700 ## - ADDED ENTRY--PERSONAL NAME | |
| Personal name | Gurr, Brenda |
| 700 ## - ADDED ENTRY--PERSONAL NAME | |
| Personal name | Noble, Janine |
| 700 ## - ADDED ENTRY--PERSONAL NAME | |
| Personal name | Phillips, Geraldine |
| 700 ## - ADDED ENTRY--PERSONAL NAME | |
| Personal name | Pullen, Noeline |
| 700 ## - ADDED ENTRY--PERSONAL NAME | |
| Personal name | Taborda, Deborah |
| 700 ## - ADDED ENTRY--PERSONAL NAME | |
| Personal name | Tuffin,Diane |
| Withdrawn status | Lost status | Damaged status | Home library | Current library | Shelving location | Date acquired | Source of acquisition | Total Checkouts | Full call number | Barcode | Date last seen | Price effective from | Koha item type |
|---|---|---|---|---|---|---|---|---|---|---|---|---|---|
| Munich Library | Munich Library | Teachers Reference Section | 09/06/2012 | TR 372.4 C736 2008 | M7079 | 04/14/2014 | 04/14/2014 | Books | |||||
| Munich Library | Munich Library | Teachers Reference Section | 09/06/2012 | TR 372.4 C736 2008 | M7080 | 04/14/2014 | 04/14/2014 | Books | |||||
| Munich Library | Munich Library | Teachers Reference Section | 09/06/2012 | TR 372.4 C736 2008 | M7081 | 04/14/2014 | 04/14/2014 | Books |